000 00356 a2200169 4500
001 173650
020 _a85-262-1704-6
040 _cMagnum
100 _aPerlman, Alina
240 1 0 _aAo pé da letra
_lpor
245 1 0 _aAo pé da letra
300 _a24
362 0 _a1991
440 1 _aScipione
697 _aLITERATURA INFANTO-JUVENIL
942 _cBK
999 _c173650
_d173650